000 00780cam a22002411 4500
001 ne 68001619
003 DLC
005 20260227111841.0
008 710901q19501959ua d 00010 eng
010 _ane 68001619 //r872
041 0 _aengara
050 0 _aHF1002
_b.A17 1950z
100 2 0 _aʻAbd al-Sayyid, Yassā.
245 0 0 _aCommercial dictionary, English-Arabic,
_cby Yassa Abdel Sayed.
250 _a3d ed.
260 0 _aCairo,
_bDar el-Hana
_c[195-]
300 _a240 p.
_c17 cm.
490 0 _aHis [Maktabat al-tājir wa-al-muḥāsib]
500 _aAdded t.p.: [al-Qāmūs al-tijārī, Injilīzī-ʻArabī, li-Yassá ʻAbd al-Sayyid]
650 0 _aCommerce
_xDictionaries.
650 0 _aEnglish language
_xDictionaries
_xArabic.
740 0 1 _aQāmūs al-tijārī.
999 _c50337
_d50337